Eye on America. Thursday, July 4, 1991 /

This episode focuses on: Persian Gulf War.

Bibliographic Details
Other Authors: Rosenbaum, Michael (Television producer) (Producer)
Format: Video
Language:English
Language Notes:In English.
Published: New York, NY : Columbia Broadcasting System (CBS), 1991.
Series:Eye On America
Subjects:
Online Access:Connect to this streaming video (Alexander Street Press)

MARC

Tag First Indicator Second Indicator Subfields
LEADER 00000cgm a2200000Mi 4500
001 in00005603003
006 m o c
007 cr |n||||||||a
007 vz |za|z|
008 240418s1991 nyu006 e o vneng d
005 20241201234320.3
035 |a (OCoLC)on1433169741 
040 |a ALSTP  |b eng  |e rda  |c ALSTP  |d OCLCO  |d DXU 
019 |a 1443997603 
035 |a (OCoLC)1433169741  |z (OCoLC)1443997603 
049 |a TXAM 
245 0 0 |a Eye on America.  |p Thursday, July 4, 1991 /  |c producer, Michael Rosenbaum. 
246 3 3 |a CBS evening news 
246 3 0 |a Thursday, July 4, 1991 
264 1 |a New York, NY :  |b Columbia Broadcasting System (CBS),  |c 1991. 
300 |a 1 online resource (6 minutes) 
306 |a 000525 
336 |a two-dimensional moving image  |b tdi  |2 rdacontent 
337 |a computer  |b c  |2 rdamedia 
337 |a video  |b v  |2 rdamedia 
338 |a online resource  |b cr  |2 rdacarrier 
347 |a video file  |2 rdaft 
490 0 |a Eye On America 
511 0 |a Reporter, Bob Simon. 
518 |a Originally broadcast on July 4, 1991. 
588 0 |a Title from resource description page (viewed April 18, 2024). 
520 |a This episode focuses on: Persian Gulf War. 
546 |a In English. 
650 0 |a Persian Gulf War, 1991. 
650 0 |a Air pilots  |z United States. 
650 0 |a Prisoners of war  |z Iraq. 
650 6 |a Guerre du golfe Persique, 1991. 
650 6 |a Pilotes d'aéronef  |z États-Unis. 
650 6 |a Prisonniers de guerre  |z Irak. 
655 7 |a Television news programs.  |2 lcgft 
655 7 |a Téléjournaux.  |2 rvmgf 
700 1 |a Smith, Harry,  |d 1951-  |e on-screen presenter. 
700 1 |a Rosenbaum, Michael  |c (Television producer),  |e producer. 
710 2 |a CBS News,  |e production company. 
730 0 |i In series:  |a CBS evening news (Television program) 
856 4 0 |u http://proxy.library.tamu.edu/login?url=https://www.aspresolver.com/aspresolver.asp?MARC;5543227  |z Connect to this streaming video (Alexander Street Press)  |t 0 
955 |a Alexander Street Press subscription streaming video 
994 |a 92  |b TXA 
999 f f |s 6349c01f-5977-43a4-bdeb-aea43d82abc7  |i 875e6119-fc6c-4ef6-9703-773dd0560ca9  |t 0 
952 f f |a Texas A&M University  |b College Station  |c Electronic Resources  |d Available Online  |t 0  |h Library of Congress classification 
998 f f |t 0  |l Available Online